Escriba las letras del alfabeto - Español - Estadísticas

Estadísticas generales
  • Esta prueba ha sido intentada 719 veces
  • La puntuación promedio es 20 de 29
Estadísticas de respuestas
Letter % Correcto
a
100%
b
97%
c
96%
d
95%
e
94%
f
93%
g
93%
h
92%
i
92%
j
92%
k
91%
l
89%
m
88%
n
87%
o
78%
p
76%
q
72%
r
70%
s
67%
t
65%
u
61%
v
57%
w
52%
x
48%
y
45%
z
44%
ch
8%
ñ
0%
rr
0%
No se encontraron pruebas coincidentes
Distribución de puntuación
Porcentaje de gente con cada puntuación
Porcentaje por número respondido
Historial de tus puntuaciones
No has intentado esta prueba.